Inesistenza e nullita del negozio giuridico

Uloženo v:
Podrobná bibliografie
Hlavní autor: Filanti, Giancarlo (Autor)
Médium: Kniha
Jazyk:italština
Vydáno: Nápoles Jovone 1983
Edice:Universita di Cagliari, 29
Témata:
Tagy: Přidat tag
Žádné tagy, Buďte první, kdo vytvoří štítek k tomuto záznamu!

MARC

LEADER 00000nam a2200000 a 4500
001 UCV2718
003 CL-VaPUC
008 921030e19830000IT |||||||||||||||||ita|d
082 0 4 |a 346.022  |b FIL  |2 21 
100 0 |a Filanti, Giancarlo  |e author  |9 296999 
245 1 0 |a Inesistenza e nullita del negozio giuridico 
300 |a 312 p 
942 |c BK 
945 |d 19921030 00:00:00 
260 |a Nápoles  |b Jovone  |c 1983 
650 0 |a Negocios jurídicos  |9 258219 
650 0 |a Testamento  |9 258220 
650 0 |a Donación   |9 255016 
650 7 |a DEMANDA  |2 CL-VaPUC  |9 255172 
650 0 |a Nulidad   |9 256755 
651 0 |a Italia  |9 254949 
583 |a last modification  |c 19921030 00:00:00  |k Rodrigo Vera 
490 0 |a Universita di Cagliari, 29 
999 |c 210219  |d 210217 
952 |0 0  |1 0  |4 0  |6 346_022000000000000_FIL_1983  |7 0  |8 A  |9 186301  |a BIBDER  |b BIBDER  |d 2019-11-14  |i 2537680  |o 346.022 FIL 1983  |p 2537680  |r 2023-01-25  |w 2019-11-14  |y BK  |k DER